A midsummer night's dream

Gespeichert in:
Bibliographische Detailangaben
1. Verfasser: Shakespeare, William (VerfasserIn)
Format: Buch
Sprache:Englisch
Veröffentlicht: Boston Houghton Mifflin 1911
Schriftenreihe:Riverside Literature Series, 153
Schlagworte:
Tags: Tag hinzufügen
Keine Tags, Fügen Sie den ersten Tag hinzu!

MARC

LEADER 00000nam a2200000 a 4500
001 UCZ7711
003 CL-VaPUC
008 960109e19110000US |||||||||||||||||eng|d
082 0 4 |a 822  |b SHA  |2 21 
100 |a Shakespeare, William  |e author  |9 265757 
245 1 2 |a A midsummer night's dream 
300 |a 100 p 
942 |c BK 
945 |d 19960109 00:00:00  |a rleighto 
260 |a Boston  |b Houghton Mifflin  |c 1911 
650 0 |a Drama inglés  |9 311029 
583 |a last modification  |c 20121218 10:48:35  |k Rodrigo Vera 
490 0 |a Riverside Literature Series, 153 
999 |c 243750  |d 243748 
952 |0 0  |1 0  |4 0  |6 822_000000000000000_SHA_1911  |7 0  |8 A  |9 257540  |a BIBEDU  |b BIBEDU  |d 2019-11-19  |i 3167259  |l 3  |m 1  |o 822 SHA 1911  |p 3167259  |r 2024-09-30  |s 2024-09-09  |w 2019-11-19  |y BK  |k LIT